| 000 | 01199nam a2200241Ia 4500 | ||
|---|---|---|---|
| 999 |
_c41959 _d41959 |
||
| 001 | 8643 | ||
| 003 | GE_BSU | ||
| 005 | 20200319204843.0 | ||
| 008 | 181216s2000||||ge |||||||||||||| ||geo|| | ||
| 020 | _a9992848405 | ||
| 040 | _cGE_BSU | ||
| 041 | _ageo | ||
| 080 | _a575.8(075.8) | ||
| 100 |
_aდიასამიძე, ანზორ _91109 |
||
| 245 |
_aევოლუციური მოძღვრების საფუძვლები : _bსახელმძღვანელო უნ-ტების ბიოლოგიის სპეციალობის სტუდენტებისათვის / _cა. დიასამიძე ; რედ. ქეთევან დოლიძე. |
||
| 264 |
_aბათუმი : _bბათუმის სახ. უნ-ტის გამ-ბა, _c2000. |
||
| 300 |
_a534 გვ. : _bილ.; _c 21 სმ. |
||
| 653 | _aბიოლოგია | ||
| 653 | _aევოლუცია | ||
| 653 | _aევოლუციური მოძღვრების საფუძვლები | ||
| 700 |
_aდოლიძე,ქეთევან _eრედაქტორი _97766 |
||
| 942 |
_cBK _2udc |
||